000 00635pab a2200217 454500
008 180718b2008 xxu||||| |||| 00| 0 eng d
100 _aNanda, Paramjit
245 _aImpact of globalization on the labour market in India: evidence from the manufacturing sector
260 _c2008
300 _ap.545-57.
362 _aOct-Dec
650 _aIndia - Manufacturing industries
650 _aManufacturing industry
650 _aGlobalization - India
650 _aLabour market - India
650 _aLabour market
700 _aKaur, Veerpal
773 _aIndian Journal of Labour Economics
908 _aN
909 _a80909
999 _c80909
_d80909